00524nam a22001692 4500001001100000005001700011008004100028020001700069040001500086050002000101100003600121245009700157260003000254300001400284650005300298852000300351000000326220151217151920.0070502s xx 000 0 eng d a9966949054 : aKABUcKABU 0aHD9198b.K4N9321 aNyangito, Hezron O.@000014968710aPolicy and legal framework for the tea sub-sector and the impact of liberalization in Kenya. aNairobi :bKIPPRA,c2001. axi, 24 p. 0aTea tradexGovernment policyzKenya.@00001529151